| 000 | 00495nam a22001457a 4500 | ||
|---|---|---|---|
| 008 | 151126b xxu||||| |||| 00| 0 eng d | ||
| 020 | _a139780199747627 | ||
| 050 | _aBL65.E36O94 2006 | ||
| 100 |
_aGottlieb, Roger S. _eeditor _921193 |
||
| 245 |
_aThe Oxford handbook of religion and ecology _c/ edited by Roger S.Gottlieb |
||
| 260 |
_aOxford _aNew York _bOxford University Press _c2006 |
||
| 300 |
_axxi, 662p.; _c25cm. |
||
| 650 |
_aEcology _xReligious aspects _921194 |
||
| 942 |
_2lcc _cMONOGRAPH |
||
| 999 |
_c123822 _d123822 |
||